Bengal terrorism & the Marxist left : (Record no. 25412)

MARC details
000 -LEADER
fixed length control field 01039cam a2200313 i 4500
001 - CONTROL NUMBER
control field 2704993
003 - CONTROL NUMBER IDENTIFIER
control field BDDh-ASL
005 - DATE AND TIME OF LATEST TRANSACTION
control field 20231015030503.0
008 - FIXED-LENGTH DATA ELEMENTS--GENERAL INFORMATION
fixed length control field 760410s1975 ii b 001 0 eng
010 ## - LIBRARY OF CONGRESS CONTROL NUMBER
LC control number 75905337
020 ## - INTERNATIONAL STANDARD BOOK NUMBER
International Standard Book Number 0883864673 :
Terms of availability Rs30.00
040 ## - CATALOGING SOURCE
Original cataloging agency DLC
Transcribing agency DLC
Modifying agency DLC
-- BDDh-ASL
043 ## - GEOGRAPHIC AREA CODE
Geographic area code a-bg---
-- a-ii---
050 00 - LIBRARY OF CONGRESS CALL NUMBER
Classification number DS485.B49
Item number L38 1975
082 ## - DEWEY DECIMAL CLASSIFICATION NUMBER
Classification number 954
Item number LAB
100 1# - MAIN ENTRY--PERSONAL NAME
Personal name Laushey, David M.
245 10 - TITLE STATEMENT
Title Bengal terrorism & the Marxist left :
Remainder of title aspects of regional nationalism in India, 1905-1942 /
Statement of responsibility, etc. David M. Laushey.
250 ## - EDITION STATEMENT
Edition statement 1st ed.
260 ## - PUBLICATION, DISTRIBUTION, ETC.
Place of publication, distribution, etc. Calcutta :
Name of publisher, distributor, etc. Firma K. L. Mukhopadhyay,
Date of publication, distribution, etc. 1975.
300 ## - PHYSICAL DESCRIPTION
Extent x, 187 p. :
Dimensions 23 cm.
500 ## - GENERAL NOTE
General note Originally presented as the author's thesis, University of Virginia, 1969.
500 ## - GENERAL NOTE
General note Includes index.
504 ## - BIBLIOGRAPHY, ETC. NOTE
Bibliography, etc. note Bibliography: p. [161]-177.
650 #0 - SUBJECT ADDED ENTRY--TOPICAL TERM
Topical term or geographic name entry element Communism
Geographic subdivision Bengal.
650 #0 - SUBJECT ADDED ENTRY--TOPICAL TERM
Topical term or geographic name entry element Terrorism
Geographic subdivision Bengal.
651 #0 - SUBJECT ADDED ENTRY--GEOGRAPHIC NAME
Geographic name Bengal (India)
General subdivision Politics and government.
906 ## - LOCAL DATA ELEMENT F, LDF (RLIN)
a 7
b cbc
c orignew
d u
e ncip
f 19
g y-gencatlg
942 ## - ADDED ENTRY ELEMENTS (KOHA)
Source of classification or shelving scheme Dewey Decimal Classification
Koha item type Books
Holdings
Withdrawn status Lost status Source of classification or shelving scheme Damaged status Not for loan Collection code Home library Current library Shelving location Date acquired Source of acquisition Total Checkouts Full call number Barcode Date last seen Copy number Price effective from Koha item type
    Dewey Decimal Classification     Non-fiction Asiatic Society Library Asiatic Society Library Sirajul Islam Collection 07/16/2021 Donated by Professor Sirajul Islam, FRHS   954 LAB 110184 07/16/2021 C-1 07/16/2021 Books

Powered by Koha